Statistiques concernant Les Mots-1

Cliquez ici pour prendre le quiz!

Statistiques générales

  • Ce quiz a été pris 101 fois
  • Le résultat moyen est 10 sur 10

Statistiques - réponses

motsvotre reponse% Correct
lapinlapin
100%
arbrearbre
99%
chevalcheval
99%
jeje
99%
voilevoile
99%
zèbrezèbre
99%
JohnJohn
98%
295295
97%
féefée
89%
feutrefeutre
88%

Distribution des résultats

Percentile par nombre de réponses

% des personnes avec chaque résultat

Votre développement - résultats

Vous n’avez pas pris ce quiz